00537 2200205 4500001002100000005001500021008004100036020002200077035001900099041000700118082001000125090001600135100002600151245004500177250000600222260003600228300004200264500001100306650001400317INLIS00000000000913020241224113752241224||||||||| | ||| |||| || |  a978-979-29-4789-2 0010-1224009130 aid0 a639.2 a639.2 GHU p0 aM. Ghufron H. Kordi K00aPanen Untung dari Akuabisnis Kakap Merah a1 aYogyakartabLILY PUBLISERc2015 a24,5x17,5 cm, xviii, 270 hlm.; ilus.: aCet. 1 0aPerikanan